Le soin (notice n° 1667228)
[ vue normale ]
| 000 -LEADER | |
|---|---|
| fixed length control field | 01256cam a2200229 4500500 |
| 005 - DATE AND TIME OF LATEST TRANSACTION | |
| control field | 20260222003223.0 |
| 041 ## - LANGUAGE CODE | |
| Language code of text/sound track or separate title | fre |
| 042 ## - AUTHENTICATION CODE | |
| Authentication code | dc |
| 100 10 - MAIN ENTRY--PERSONAL NAME | |
| Personal name | Andraud, Jeanne |
| Relator term | author |
| 245 00 - TITLE STATEMENT | |
| Title | Le soin |
| 260 ## - PUBLICATION, DISTRIBUTION, ETC. | |
| Date of publication, distribution, etc. | 2008.<br/> |
| 500 ## - GENERAL NOTE | |
| General note | 33 |
| 520 ## - SUMMARY, ETC. | |
| Summary, etc. | RésuméIl y a deux sortes de soins, le soin « portage » global, celui qui porte attention à la globalité du sujet, et le soin psychique. Ce dernier ne prend son sens que parce qu’il y a le soin global.Prendre soin d’un enfant en institution, c’est porter une attention particulière à un sujet, qui le contienne, le porte, l’étaye. C’est l’accueillir dans un espace et un temps afin de lui permettre d’y occuper une place où la souffrance ne le submerge pas.Le soin psychique répond à une demande d’écoute et de travail psychique dans un cadre, espace-temps régulier centré sur la dynamique du sujet. |
| 690 ## - LOCAL SUBJECT ADDED ENTRY--TOPICAL TERM (OCLC, RLIN) | |
| Topical term or geographic name as entry element | analyse transitionnelle |
| 690 ## - LOCAL SUBJECT ADDED ENTRY--TOPICAL TERM (OCLC, RLIN) | |
| Topical term or geographic name as entry element | médium malléable |
| 690 ## - LOCAL SUBJECT ADDED ENTRY--TOPICAL TERM (OCLC, RLIN) | |
| Topical term or geographic name as entry element | signifiants formels |
| 690 ## - LOCAL SUBJECT ADDED ENTRY--TOPICAL TERM (OCLC, RLIN) | |
| Topical term or geographic name as entry element | soin global |
| 690 ## - LOCAL SUBJECT ADDED ENTRY--TOPICAL TERM (OCLC, RLIN) | |
| Topical term or geographic name as entry element | soin psychique |
| 690 ## - LOCAL SUBJECT ADDED ENTRY--TOPICAL TERM (OCLC, RLIN) | |
| Topical term or geographic name as entry element | tiers médiateur |
| 786 0# - DATA SOURCE ENTRY | |
| Note | Empan | 69 | 1 | 2008-05-19 | p. 161-162 | 1152-3336 |
| 856 41 - ELECTRONIC LOCATION AND ACCESS | |
| Uniform Resource Identifier | <a href="https://shs.cairn.info/revue-empan-2008-1-page-161?lang=fr&redirect-ssocas=7080">https://shs.cairn.info/revue-empan-2008-1-page-161?lang=fr&redirect-ssocas=7080</a> |
Pas d'exemplaire disponible.




Réseaux sociaux